الغرب وكتابة التاريخ بدم الآخر: (Record no. 12492)
[ view plain ]
| 000 -LEADER | |
|---|---|
| fixed length control field | 00568nam a22001217a 4500 |
| 008 - FIXED-LENGTH DATA ELEMENTS--GENERAL INFORMATION | |
| fixed length control field | 090802t xxu||||| |||| 00| 0 eng d |
| 082 ## - DEWEY DECIMAL CLASSIFICATION NUMBER | |
| Classification number | 301.21 |
| Item number | ك س ب |
| 245 ## - TITLE STATEMENT | |
| Title | الغرب وكتابة التاريخ بدم الآخر: |
| Remainder of title | /خرافة صراع الحضارات |
| Statement of responsibility, etc | طه محمد كسبه |
| 300 ## - PHYSICAL DESCRIPTION | |
| Extent | 152 ؛ ص |
| Dimensions | 18 سم |
| 650 ## - SUBJECT ADDED ENTRY--TOPICAL TERM | |
| 9 (RLIN) | 8287 |
| Topical term or geographic name as entry element | الصراع الثقافى |
| 942 ## - ADDED ENTRY ELEMENTS (KOHA) | |
| Source of classification or shelving scheme | Dewey Decimal Classification |
| Item type | Book - Borrowing |
| Withdrawn status | Item status | Source of classification or shelving scheme | Damaged status | Not for loan | Vendor | Home library | Current library | Shelving location | Date acquired | Source of acquisition | Total Checkouts | Total Renewals | Full call number | Barcode | Date last seen | Date last borrowed | Koha item type |
|---|---|---|---|---|---|---|---|---|---|---|---|---|---|---|---|---|---|
| Dewey Decimal Classification | Alef-Baa | Central Library | Central Library | First floor | 02/08/2009 | 1 | 1 | 301.21 الغ | 000017635 | 15/07/2025 | 29/10/2013 | Book - Borrowing |